| 000 | 00509nam a22001697a 4500 | ||
|---|---|---|---|
| 008 | 160705b xxu||||| |||| 00| 0 eng d | ||
| 020 | _a0789732939 | ||
| 082 |
_22006 _aDC 004.621 _bP94n |
||
| 100 |
_910843 _aProwse, David L. |
||
| 245 |
_aNetwork+exam 2 lab manual/ _cDavid L. Prowse. |
||
| 260 |
_a[U.S.A]: _bQue Publishing, _cc2006. |
||
| 300 |
_axxii, 337 pages: _billustrations; _c23 cm. |
||
| 500 | _aIncludes appendices. | ||
| 650 | 0 |
_910844 _aSystem design |
|
| 365 |
_aPhp _b2, 300.00 |
||
| 942 |
_2ddc _cDC |
||
| 999 |
_c3243 _d3243 |
||